| 000 | 00877nam a22002657a 4500 | ||
|---|---|---|---|
| 003 | PE SENCICO BE | ||
| 005 | 20260304192636.0 | ||
| 008 | 260210b |||||||| |||| 00| 0 eng d | ||
| 020 | _a968-24-2309-0 | ||
| 040 |
_aPE SENCICO BE _cPE SENCICO BE |
||
| 041 | _aspa | ||
| 082 |
_a747 _bF81 |
||
| 100 | 1 |
_aFrancés, Juan Ramón _9224 _eautor |
|
| 245 | 1 |
_aDecoración de interiores / _cJuan Ramón Francés |
|
| 250 | _a1a ed. | ||
| 260 |
_aMéxico, D. F. : _bTrillas ; _c1989 |
||
| 300 |
_a553 páginas : _bfotografias, cuadros, diagramas ; _c27 cm. |
||
| 505 | 0 | _aColor -- Estilos -- Planeación -- Fondos -- Iluminación | |
| 520 | 3 | _aDetalla aspectos de la decoración de interiores | |
| 650 | 1 | 0 |
_aColor en el diseño _9435 |
| 650 | 2 | 0 |
_aDiseño de interiores _9315 |
| 650 | 2 | 0 |
_aIluminación arquitectónica _9400 |
| 910 | _ahfp | ||
| 942 |
_2ddc _cLIB |
||
| 999 |
_c9832 _d9832 |
||